000 00206 a2200097 4500
001 7848
100 _aGorsky, B
245 _aMoana : ( vastness of the waters)
260 _a
_bElek
_c
090 _c6297
_d6297
942 _aNUST-CAE
_cM
_c32819
999 _c242921
_d242921